000 00279nam a2200133Ia 4500
100 _aJones & Ryffel
942 _cBK
654 _aGear design
245 _aGear Design Simplified
260 _bIndustrial Press
_c2001
082 _a621.8
300 _a151
546 _aENGLISH
999 _c27364
_d27364